If The USSR Reformed... - Statistics

General Stats
  • This quiz has been taken 238 times
  • The average score is 35 of 48
Answer Stats
Hint Answer % Correct
Largest China
99%
Most populous China
99%
Largest capital city China
99%
Most border countries China
99%
Most lakes China
99%
Most populous India
98%
Most populous 'M' city India
98%
Longest border with China India
98%
Largest United States
98%
Most populous United States
98%
Most daily oil production United States
98%
Most lakes United States
98%
Largest Ukrainian population United States
98%
Largest Canada
96%
Most daily oil production Canada
96%
Most lakes Canada
96%
Largest Ukrainian population Canada
96%
Largest Brazil
89%
Most border countries Brazil
89%
Most border countries DR Congo
82%
Largest capital city Japan
81%
Most populous Indonesia
77%
Largest capital city Indonesia
77%
Most daily oil production Saudi Arabia
77%
Longest border with China Mongolia
76%
Largest Orthodox population Greece
68%
Most border countries France
67%
Largest Ukrainian population Poland
67%
Most apricot production Iran
66%
Most populous 'M' city Mexico
66%
Largest Orthodox population Romania
64%
Most daily oil production Iraq
61%
Most apricot production Turkey
61%
Most reserves military personnel Vietnam
61%
Longest border with China Vietnam
61%
Largest Orthodox population Egypt
51%
Most reserves military personnel South Korea
49%
Most populous 'M' city Australia
48%
Longest border with China Myanmar
48%
Most lakes Finland
47%
Largest capital city DR Congo
42%
Most populous 'M' city Spain
42%
Largest Ukrainian population Argentina
39%
Most apricot production Italy
33%
Most reserves military personnel Philippines
31%
Largest Orthodox population Ethiopia
29%
Most apricot production Algeria
18%
Most reserves military personnel Taiwan
14%
No matching quizzes found
Score Distribution
Percent of People with Each Score
Percentile by Number Answered
Your Score History
You have not taken this quiz